Forest Resources of Chile as a basis for Industrial Expansion

Guardat en:
Dades bibliogràfiques
Autor corporatiu: CORFO (Autor), Forest Service U. S. Department of Agriculture (Autor)
Format: Llibre
Idioma:anglès
Publicat: Washington, D.C US Department of Agriculture 1946
Edició:1a. ed
Matèries:
Etiquetes: Afegir etiqueta
Sense etiquetes, Sigues el primer a etiquetar aquest registre!

MARC

LEADER 00000nam a2200000 a 4500
001 UCJ8326
003 CL-VaPUC
008 070124e19461208US |||||||||||||||||eng|d
082 0 4 |a 918.3  |b COR  |2 21 
110 2 |a CORFO  |e author  |9 517104 
710 2 |a Forest Service U. S. Department of Agriculture  |e author  |9 517105 
245 1 0 |a Forest Resources of Chile as a basis for Industrial Expansion 
250 |a 1a. ed 
300 |a xiii, 255 p 
942 |c BK 
945 |d 20070124 00:00:00  |a rinostro 
260 |a Washington, D.C  |b US Department of Agriculture  |c 1946 
500 |a Ilustraciones y mapas sin indizar 
650 0 |a Recursos naturales  |9 255232 
650 0 |a Bosques  |9 269804 
650 7 |a INDUSTRIA FORESTAL  |2 CL-VaPUC  |9 320404 
650 0 |a Mapas  |9 260844 
651 7 |a CHILE  |2 CL-VaPUC  |9 517106 
583 |a last modification  |c 20070124 00:00:00  |k Rodrigo Vera 
999 |c 324095  |d 324093 
952 |0 0  |1 0  |4 0  |6 918_300000000000000_COR_1946  |7 0  |8 X  |9 404001  |a FDOBUD  |b FDOBUD  |d 2019-11-22  |i 1076027  |o 918.3 COR 1946  |p 1076027  |r 2019-11-22  |w 2019-11-22  |y BK_X  |k BUD